000 00679nam a2200205Ia 4500
003 OSt
005 20200917163350.0
008 191128s2015 ck a g 000 0 spa d
020 _a9789585841178
040 _aCO-JMCR
_cCO-JMCR
041 _aspa
082 0 4 _aR /
_b918
100 1 _aAcevedo Latorre, Eduardo,
_eautor
_910423
245 0 _aDiccionario geográfico de la intendencia nacional del Chocó /
_bEduardo Acevedo Latorre
260 _aBogotá :
_bSociedad Geográfica de Colombia,
_c2015
300 _a162 páginas :
_b ilustraciones ;
_c24 cm.
500 _aIncluye datos biográficos del autor en la portada.
650 1 4 _aTerminnología
_910424
942 _2ddc
_cBK
999 _c6340
_d6340